000 02191cam a2200253 4500500
005 20260111120557.0
041 _afre
042 _adc
100 1 0 _aSavard, Nathalie
_eauthor
700 1 0 _aZaouche-Gaudron, Chantal
_eauthor
245 0 0 _aPoints de repères pour examiner le développement de l'enfant exposé aux violences conjugales
260 _c2011.
500 _a27
520 _aRésuméLes conséquences de la violence conjugale sur le développement de l’enfant sont encore trop peu prises en considération en France. Les chercheurs et les professionnels intervenants dans ce domaine soulignent le manque d’outils utilisables en langue française pour repérer ces effets. Pour pallier cette insuffisance et permettre l’évaluation de la situation des enfants exposés à la violence conjugale, cet article a pour but de recenser les outils utilisables en langue française afin de pouvoir analyser l’impact des violences conjugales sur le développement social, cognitif, intellectuel et affectif des enfants et des adolescents ( 0-18 ans).
520 _aTests for assessing children exposed to domestic violenceIn France, the consequences of domestic violence on a child’s development have not been substantially explored. Researchers and professionals working in this field have emphasized the lack of French- language instruments to identify these consequences. To remedy this insufficiency and enable the assessment of the situation of the child exposed to domestic violence, this article describes the inventory of instruments available in French in order to measure the impact of domestic violence on the social, cognitive, intellectual and emotional development of children and teenagers (0-18 years-old).
690 _adéveloppement de l'enfant
690 _aévaluation
690 _aviolence conjugale
690 _aassessment
690 _achild development
690 _adomestic violence
786 0 _nRevue internationale de l'éducation familiale | 29 | 1 | 2011-09-01 | p. 13-35 | 1279-7766
856 4 1 _uhttps://shs.cairn.info/revue-la-revue-internationale-de-l-education-familiale-2011-1-page-13?lang=fr&redirect-ssocas=7080
999 _c1634080
_d1634080